header

The appropriation of media in everyday life (Record no. 112427)

MARC details
000 -LEADER
fixed length control field 01351nam a2200349Ia 4500
082 04 - DEWEY DECIMAL CLASSIFICATION NUMBER
Classification number 302.23
245 04 - TITLE STATEMENT
Title The appropriation of media in everyday life
260 ## - PUBLICATION, DISTRIBUTION, ETC. (IMPRINT)
Place of publication Amsterdam ;
-- Philadelphia :
Name of publisher John Benjamins,
Year of publication 2012.
300 ## - PHYSICAL DESCRIPTION
Number of Pages vi, 308 p. :
Other physical details ill.
490 0# - SERIES STATEMENT
Series statement Pragmatics & beyond new series ;
650 #0 - SUBJECT ADDED ENTRY--TOPICAL TERM
Topical Term Mass media and language.
Topical Term Discourse analysis.
Topical Term Conversation analysis.
700 1# - ADDED ENTRY--PERSONAL NAME
Personal name Ayass, Ruth.
Personal name Gerhardt, Cornelia.
856 40 - ELECTRONIC LOCATION AND ACCESS
Uniform Resource Identifier http://site.ebrary.com/lib/rucke/Doc?id=10595285

No items available.

© 2026 Rongo University
Contact us: librarian | system librarian | Rongo university